El porvenir (Registro nro. 245959)

Detalles MARC
001 - NÚMERO DE CONTROL
campo de control 735760
005 - FECHA Y HORA DE LA ÚLTIMA TRANSACCIÓN
campo de control 20240201183035.0
008 - DATOS DE LONGITUD FIJA--INFORMACIÓN GENERAL
campo de control de longitud fija 020508s1930 spa
035 ## - NÚMERO DE CONTROL DEL SISTEMA
Número de control de sistema 735760
035 ## - NÚMERO DE CONTROL DEL SISTEMA
Número de control de sistema (OCoLC)819943574
040 ## - FUENTE DE LA CATALOGACIÓN
Centro/agencia transcriptor comduadb
041 ## - CÓDIGO DE LENGUA
Código de lengua del texto/banda sonora o título independiente spa
100 10 - ENTRADA PRINCIPAL--NOMBRE DE PERSONA
Nombre de persona Lopez Sanin, Jorge
Código de función aut
Término indicativo de función/relación Autor/a
9 (RLIN) 257923
245 13 - MENCIÓN DE TÍTULO
Título El porvenir
650 ## - PUNTO DE ACCESO ADICIONAL DE MATERIA--TÉRMINO DE MATERIA
Término de materia o nombre geográfico como elemento de entrada Formas de gobierno
9 (RLIN) 43704
650 ## - PUNTO DE ACCESO ADICIONAL DE MATERIA--TÉRMINO DE MATERIA
Término de materia o nombre geográfico como elemento de entrada Progreso social
9 (RLIN) 6667
651 #7 - PUNTO DE ACCESO ADICIONAL DE MATERIA--NOMBRE GEOGRÁFICO
Nombre geográfico Colombia
Subdivisión general Administración pública
Fuente del encabezamiento o término lemb
9 (RLIN) 854369
773 0# - ENLACE AL DOCUMENTO FUENTE/ENTRADA DE REGISTRO ANFITRIÓN
Título Claridad : Revista Semanal (Medellín)
Parte(s) relacionada(s) Claridad. Vol. 01, Nos. 01-20, Mar.-Jul. de 1930, Vol. 01, No. 09, May. 3, 1930, p. 333
Número de control del registro 719113
Número bibliográfico anfitrión 233607
942 ## - ELEMENTOS DE ENTRADA AGREGADA (KOHA)
Tipo de ítem Koha Artículo de Revista

No hay ítems disponibles.